For the high jump (Record no. 78809)

MARC details
000 -LEADER
fixed length control field 00884cab a22001935a 4500
001 - CONTROL NUMBER
control field L138167
008 - FIXED-LENGTH DATA ELEMENTS--GENERAL INFORMATION
fixed length control field 070521s2007 xxk f 000 0 eng d
035 ## - SYSTEM CONTROL NUMBER
System control number (Sirsi) u138167
041 0# - LANGUAGE CODE
Language code of text/sound track or separate title eng
100 1# - MAIN ENTRY--PERSONAL NAME
Personal name Sim, Alistair
245 00 - TITLE STATEMENT
Title For the high jump
260 ## - PUBLICATION, DISTRIBUTION, ETC.
Date of publication, distribution, etc. 2007
490 ## - SERIES STATEMENT
Series statement Journal of the Law Society of Scotland
Volume/sequential designation 52(4) April 2007, 38-39(2)
520 ## - SUMMARY, ETC.
Summary, etc. Addresses risk management in commercial property work. Argues that due to the size of potential claims, particular care needs to be taken in key areas. The most vital are identified as the terms of engagement, and the vetting/acceptance criteria. Considers all potential problem areas and gives brief guidelines. Presents brief case studies and a risk assessment checklist.
590 ## - LOCAL NOTE (RLIN)
Local note KA
651 #4 - SUBJECT ADDED ENTRY--GEOGRAPHIC NAME
Geographic name Scotland
Chronological subdivision 1999-
690 ## - LOCAL SUBJECT ADDED ENTRY--TOPICAL TERM (OCLC, RLIN)
Topical term or geographic name as entry element PROPERTY-COMMERCIAL PROPERTY-COMMERCIAL PROPERTY DEVELOPMENT
942 ## - ADDED ENTRY ELEMENTS (KOHA)
Suppress in OPAC 0
Holdings
Withdrawn status Lost status Source of classification or shelving scheme Damaged status Not for loan Home library Current library Shelving location Date acquired Total Checkouts Full call number Barcode Date last seen Copy number Price effective from Koha item type
    Dewey Decimal Classification     London London Journal article 21/05/2007   L138167 138167-1001 06/08/2019 1 06/08/2019 Journal article